000 01037nam a22002417a 4500
005 20240530110508.0
008 151021s2011 ua a f 000 0 ara d
017 _a2011/15908
_bمصر . دار الكتب المصرية
040 _aEG-CaGPL
082 0 4 _221
_a364.62
_bق/ع ح
100 0 _aعلى القماش .
245 1 0 _aحصاد العصر فى سرقة اثار مصر :
_bرصد شامل لقضايا سرقة الاثار فى عهد ( 2 حسنى ) حسنى مبارك . فاروق حسنى و اسرار تنشر لاول مرة /
_cعلى القماش .
250 _aط1.
260 _aالقاهرة :
_bمكتبة جزيرة الورد ،
_c2011 .
300 _a780 ص ؛
_c24 سم .
650 0 4 _aسرقة الاثار .
650 0 4 _aكتب التراث
_xجرائم السرقة .
650 0 4 _aاللوحات الفنية
_xجرائم السرقة .
650 0 4 _aالاثار المصرية .
650 0 4 _aجرائم السرقة .
942 _2ddc
_cBK
999 _c61607
_d61607